সাংবাদিকতা / (Record no. 76228)
[ view plain ]
| 000 -LEADER | |
|---|---|
| fixed length control field | 01022nam a2200241 a 4500 |
| 001 - CONTROL NUMBER | |
| control field | 76228 |
| 003 - CONTROL NUMBER IDENTIFIER | |
| rucl marc code | BD-RjUL |
| 005 - DATE AND TIME OF LATEST TRANSACTION | |
| control field | 20211209082819.0 |
| 008 - FIXED-LENGTH DATA ELEMENTS--GENERAL INFORMATION | |
| fixed length control field | 161205r20181991bg ||||| |||| 00| 0 ben d |
| 020 ## - INTERNATIONAL STANDARD BOOK NUMBER | |
| International Standard Book Number | 9844101158 (V-1) |
| 035 ## - SYSTEM CONTROL NUMBER | |
| System control number | (BD-RjUL)76449 |
| 040 ## - CATALOGING SOURCE | |
| Original cataloging agency | BD-RjUL |
| Language of cataloging | ben |
| Transcribing agency | BD-RjUL |
| Modifying agency | BD-RjUL |
| 041 ## - LANGUAGE CODE | |
| Language code of text/sound track or separate title | ben |
| 082 ## - DEWEY DECIMAL CLASSIFICATION NUMBER | |
| Edition number | 23 |
| Classification number | 070.4 |
| Author mark and year | SAN 2018 |
| 245 10 - TITLE STATEMENT | |
| Title | সাংবাদিকতা / |
| Statement of responsibility, etc. | মুহাম্মদ জাহাঙ্গীর, সম্পাদিত |
| 260 ## - PUBLICATION, DISTRIBUTION, ETC. (IMPRINT) | |
| Place of publication, distribution, etc. | ঢাকা : |
| Name of publisher, distributor, etc. | মাওলা ব্রাদার্স, |
| Date of publication, distribution, etc. | ১৯৯১ [মুদ্রণ ২০১৮] |
| 300 ## - PHYSICAL DESCRIPTION | |
| Pagination | খন্ড. ; |
| Size | ২৩ সেমি. |
| 505 0# - FORMATTED CONTENTS NOTE | |
| Formatted contents note | প্রথম খন্ড -সাংবাদিকতার বিভিন্ন দিক সম্পর্কে প্রবন্ধসংকলন। |
| 650 ## - SUBJECT ADDED ENTRY--TOPICAL TERM | |
| Topical term or geographic name as entry element | সাংবাদিকতা |
| 9 (RLIN) | 169124 |
| Topical term or geographic name as entry element | Journalisim |
| 9 (RLIN) | 124562 |
| 700 ## - ADDED ENTRY--PERSONAL NAME | |
| Personal name | জাহাঙ্গীর, মুহাম্মদ |
| 942 ## - ADDED ENTRY ELEMENTS (KOHA) | |
| Source of classification or shelving scheme | Dewey Decimal Classification |
| Koha item type | Books |
| Lost status | Source of classification or shelving scheme | Damaged status | Not for loan | Permanent Location | Current Location | Shelving location | Date acquired | Source of acquisition | Cost, normal purchase price | Total Checkouts | Full call number | Date last seen | Copy number | Koha item type |
|---|---|---|---|---|---|---|---|---|---|---|---|---|---|---|
| Dewey Decimal Classification | Not For Loan | Central Library, University of Rajshahi | Central Library, University of Rajshahi | Reading Room | 12/11/2019 | Vidyasagar, Rajshahi | 350.00 | B 070.4 SAN V-1 2018 | 14/11/2019 | C-1 | Books | |||
| Dewey Decimal Classification | Central Library, University of Rajshahi | Central Library, University of Rajshahi | 12/11/2019 | Vidyasagar, Rajshahi | 350.00 | B 070.4 SAN V-1 2018 | 14/11/2019 | C-2 | Books | |||||
| Dewey Decimal Classification | Central Library, University of Rajshahi | Central Library, University of Rajshahi | 05/09/2019 | Vidyasagar, Rajshahi | 350.00 | B 070.4 SAN V-1 2018 | 21/11/2019 | C-3 | Books |